000 01017nam a2200301 i 4500
001 bg
003 BPK
005 20210310110459.0
008 980702s1996 pl f |001 0 pol
015 _aPB 1996/5099
020 _a8321907067
040 _aWA N
_cBPK
080 _a347.736(438)
100 1 _aŚwieboda, Zdzisław
_d(1931-2005)
_eKomentarz
245 1 0 _aKomentarz do prawa upadłościowego i prawa o postępowaniu układowym /
_cZdzisław Świeboda.
250 _aStan prawny na dzień 15 stycznia 1996 r.
260 _aWarszawa :
_bWydaw. Prawnicze,
_c1996.
300 _a359, [1] s. ;
_c22 cm.
504 _aIndeks.
650 4 _aPrawo układowe
650 4 _aUpadłość
650 4 _aPrawo upadłościowe
651 7 _aPolska
658 _aPrawo i wymiar sprawiedliwości
710 2 _aWydawnictwo Prawnicze
_4pbl.
856 _uhttp://koha.tu.koszalin.pl/cgi-bin/koha/opac-detail.pl?biblionumber=31114
_yKatalog online BPK
942 _2UKD
_cKS
999 _c31114
_d31114